История горного и взрывного дела: учебник

التفاصيل البيبلوغرافية
المؤلف الرئيسي: Кутузов Б. Н. Борис Николаевич
مؤلف مشترك: Московский государственный горный университет (МГГУ)
الملخص:Приведены краткие сведения о развитии горного дела, включая проведение горных выработок и системы разработки, о породах и полезных ископаемых, способах разрушения твердых горных пород. Изложены материалы о дымном и бездымном порохах как первых средствах для использования в военном и горном деле. Содержатся данные о динамитах А. Нобеля и российских ученых, об аммонитах и ВВ, не содержащих химических ВВ. Освещена история развития средств инициирования зарядов. Рассмотрены области применения взрывов в горном деле, строительстве и промышленности. В особый раздел выделены библиографические сведения об ученых и. инженерах-взрывниках СССР и России. В заключительной части описаны способы бурения отверстий, шпуров, скважин на Земле и других планетах. Б.Н. Кутузов — доктор технических наук, профессор кафедры «Разрушение горных пород взрывом» Московского государственного горного университета. Для студентов вузов, обучающихся по специальности «Взрывное дело» направления подготовки «Горное дело». Может быть полезен инженерам-взрывникам, работающим на горных предприятиях.
اللغة:الروسية
منشور في: Москва, Изд-во МГГУ, 2008
سلاسل:Взрывное дело
الموضوعات:
التنسيق: MixedMaterials كتاب
KOHA link:https://koha.lib.tpu.ru/cgi-bin/koha/opac-detail.pl?biblionumber=152697

MARC

LEADER 00000nam0a2200000 4500
001 152697
005 20231101221635.0
010 |a 9785741805374 
010 |a 978-5-986-72-105-7 
035 |a (RuTPU)RU\TPU\book\165555 
090 |a 152697 
100 |a 20090204d2008 m y0rusy50 ca 
101 0 |a rus 
102 |a RU 
105 |a a j 001zy 
200 1 |a История горного и взрывного дела  |e учебник  |f Б. Н. Кутузов  |g Московский государственный горный университет (МГГУ) 
210 |a Москва  |c Изд-во МГГУ  |c Горная книга  |d 2008 
215 |a 414 с.  |c ил. 
225 1 |a Взрывное дело 
320 |a Библиография в конце глав. 
330 |a Приведены краткие сведения о развитии горного дела, включая проведение горных выработок и системы разработки, о породах и полезных ископаемых, способах разрушения твердых горных пород. Изложены материалы о дымном и бездымном порохах как первых средствах для использования в военном и горном деле. Содержатся данные о динамитах А. Нобеля и российских ученых, об аммонитах и ВВ, не содержащих химических ВВ. Освещена история развития средств инициирования зарядов. Рассмотрены области применения взрывов в горном деле, строительстве и промышленности. В особый раздел выделены библиографические сведения об ученых и. инженерах-взрывниках СССР и России. В заключительной части описаны способы бурения отверстий, шпуров, скважин на Земле и других планетах. Б.Н. Кутузов — доктор технических наук, профессор кафедры «Разрушение горных пород взрывом» Московского государственного горного университета. Для студентов вузов, обучающихся по специальности «Взрывное дело» направления подготовки «Горное дело». Может быть полезен инженерам-взрывникам, работающим на горных предприятиях. 
606 1 |a Горное дело  |2 stltpush  |3 (RuTPU)RU\TPU\subj\7566  |9 35173 
606 1 |a Взрывное дело  |2 stltpush  |3 (RuTPU)RU\TPU\subj\2379  |9 30955 
610 1 |a горное производство 
610 1 |a полезные ископаемые 
610 1 |a месторождения 
610 1 |a запасы 
610 1 |a потери 
610 1 |a разработка 
610 1 |a горные выработки 
610 1 |a классификации 
610 1 |a буримость 
610 1 |a крепкие породы 
610 1 |a разрушение 
610 1 |a бездымный порох 
610 1 |a динамит 
610 1 |a взрывчатые вещества 
610 1 |a заряды 
610 1 |a инициирование 
610 1 |a детонаторы 
610 1 |a огнепроводные средства 
610 1 |a детонирующие шнуры 
610 1 |a электровзрывание 
610 1 |a ударные волны 
610 1 |a горение 
610 1 |a взрыв 
610 1 |a детонация 
610 1 |a строительство 
610 1 |a катастрофы 
610 1 |a инженеры-взрывники 
610 1 |a бурение 
610 1 |a история 
610 1 |a учебники 
675 |a 622(09)(075.8)  |v 3 
675 |a 622.235(09)(075.8)  |v 3 
700 1 |a Кутузов  |b Б. Н.  |g Борис Николаевич 
712 0 2 |a Московский государственный горный университет (МГГУ)  |c (1993- )  |2 stltpush  |3 (RuTPU)RU\TPU\col\453 
801 1 |a RU  |b 63413507  |c 20090204  |g PSBO 
801 2 |a RU  |b 63413507  |c 20111220  |g PSBO 
942 |c BK